[Event "Belgrade-chT Quality"]
[Site "Belgrade"]
[Date "2015.10.11"]
[Round "4"]
[White "Simic, Radoslav"]
[Black "Nikolic, Branislav S"]
[Result "1-0"]
[WhiteElo "2361"]
[BlackElo "2096"]
[PlyCount "73"]
[EventDate "2015.10.03"]
[EventType "team-tourn"]
[EventRounds "11"]
[EventCountry "SRB"]
[SourceTitle "EXT 2018"]
[Source "ChessBase"]
[SourceDate "2017.10.13"]
[SourceVersion "1"]
[SourceVersionDate "2017.10.13"]
[SourceQuality "1"]

1. Nf3 d5 2. c4 c6 3. d4 Nf6 4. Qc2 e6 5. g3 Bd6 6. Bg2 0-0 7. Nbd2 Nbd7 8. 0-0 Re8 9. e4 dxe4 10. Ng5 Bf8 11. Ndxe4 h6 12. Nxf6+ Nxf6 13. Nf3 c5 14. dxc5 Bxc5 15. Bf4 Qb6 16. Ne5 Nd7 17. Rad1 Re7 18. Rd2 Nxe5 19. Bxe5 Bd7 20. Rfd1 Bc6 21. Bxc6 Qxc6 22. b3 a5 23. Rd3 b6 24. Qe2 f6 25. Bd6 Ree8 26. Bxc5 Qxc5 27. Rd6 Kf7 28. Qe4 Ra7 29. Rc6 Qa3 30. Qe2 a4 31. Rxb6 axb3 32. axb3 e5 33. Qe4 Ree7 34. h4 h5 35. Kg2 Qc5 36. Rb5 Qc7 37. Qh7 1-0

[Event "Belgrade-chT Quality"]
[Site "Belgrade"]
[Date "2015.10.03"]
[Round "1"]
[White "Nikolic, Branislav S"]
[Black "Radovanovic, Mihajlo"]
[Result "0-1"]
[WhiteElo "2096"]
[BlackElo "2404"]
[PlyCount "102"]
[EventDate "2015.10.03"]
[EventType "team-tourn"]
[EventRounds "11"]
[EventCountry "SRB"]
[SourceTitle "EXT 2018"]
[Source "ChessBase"]
[SourceDate "2017.10.13"]
[SourceVersion "1"]
[SourceVersionDate "2017.10.13"]
[SourceQuality "1"]

1. Nf3 c5 2. c4 Nc6 3. Nc3 Nf6 4. e4 e6 5. d4 cxd4 6. Nxd4 Bb4 7. Nxc6 bxc6 8. e5 Ne4 9. Bd2 Bxc3 10. Bxc3 Nxc3 11. bxc3 Qa5 12. Qd4 Rb8 13. c5 Rb3 14. Rc1 Qa3 15. Rd1 Rxc3 16. Ba6 0-0 17. Bxc8 Rxc8 18. Qxd7 Rf8 19. 0-0 Qxc5 20. Qc7 h6 21. h3 a5 22. Rd7 a4 23. Rfd1 Rc1 24. g3 Rxd1+ 25. Rxd1 Qc2 26. Rd6 Qb1+ 27. Kg2 Qe4+ 28. Kh2 Qxe5 29. Rxc6 Qf6 30. Qa7 Rd8 31. Rc4 e5 32. Rxa4 Rd2 33. Kg1 Qe6 34. Qa8+ Kh7 35. Kg2 f5 36. Ra6 Qf7 37. Ra7 Qg6 38. Ra6 Qg5 39. Qf3 e4 40. Qf4 e3 41. Qxg5 Rxf2+ 42. Kg1 hxg5 43. Re6 f4 44. a4 Rf3 45. gxf4 gxf4 46. Kg2 Rf2+ 47. Kg1 Ra2 48. h4 Rxa4 49. Kg2 Ra2+ 50. Kf3 Rf2+ 51. Kg4 e2 0-1

[Event "Belgrade Trophy 27th"]
[Site "Obrenovac"]
[Date "2013.11.24"]
[Round "1"]
[White "Nikolic, Branislav S"]
[Black "Georgescu, Tiberiu Marian"]
[Result "0-1"]
[WhiteElo "2077"]
[BlackElo "2459"]
[PlyCount "106"]
[EventDate "2013.11.24"]
[EventType "swiss"]
[EventRounds "9"]
[EventCountry "SRB"]
[SourceTitle "CBM 157 Extra"]
[Source "ChessBase"]
[SourceDate "2013.12.19"]
[SourceVersion "1"]
[SourceVersionDate "2013.12.19"]
[SourceQuality "1"]

1. e4 c5 2. Nf3 d6 3. d4 cxd4 4. Nxd4 Nf6 5. Nc3 a6 6. Be3 e5 7. Nb3 Be6 8. f3 h5 9. Qd2 Nbd7 10. Nd5 Bxd5 11. exd5 a5 12. a4 g6 13. Bb5 Bg7 14. 0-0 0-0 15. c4 b6 16. Qf2 Nc5 17. Nc1 e4 18. Bg5 Qc8 19. Qh4 Nh7 20. Be7 Bxb2 21. Rb1 Bxc1 22. Rbxc1 Nb3 23. Rc2 Qc5+ 24. Kh1 Nd4 25. Bxf8 Nxc2 26. Qxe4 Rxf8 27. Qxc2 h4 28. Qe4 h3 29. g3 Qc8 30. Qf4 Qd8 31. Re1 Ng5 32. Qg4 f5 33. Qf4 Qf6 34. Qe3 f4 35. gxf4 Qxf4 36. Bd7 Qxf3+ 37. Qxf3 Rxf3 38. Rg1 Ne4 39. Re1 Rc3 40. Kg1 Ng5 41. Rb1 Rc2 42. Rb3 Rg2+ 43. Kh1 Ra2 44. Bxh3 Nxh3 45. Rxh3 Rxa4 46. Re3 Kf7 47. Re6 Rxc4 48. Rxd6 b5 49. Rb6 b4 50. d6 Ke6 51. d7+ Kxd7 52. Rxg6 b3 53. Rb6 Rb4 0-1

[Event "Belgrade Trophy 26th"]
[Site "Belgrade"]
[Date "2012.11.30"]
[Round "7"]
[White "Djukic, Milorad"]
[Black "Nikolic, Branislav S"]
[Result "0-1"]
[WhiteElo "1937"]
[BlackElo "2090"]
[PlyCount "52"]
[EventDate "2012.11.24"]
[EventType "swiss"]
[EventRounds "9"]
[EventCountry "SRB"]
[SourceTitle "CBM 151 Extra"]
[Source "ChessBase"]
[SourceDate "2012.12.18"]
[SourceVersion "1"]
[SourceVersionDate "2012.12.18"]
[SourceQuality "1"]

1. g4 d5 2. Bg2 e5 3. d4 e4 4. c4 c6 5. cxd5 cxd5 6. Nc3 Nc6 7. g5 h6 8. h4 hxg5 9. Bxg5 Be7 10. Bxe7 Ngxe7 11. e3 Nb4 12. Bf1 Bf5 13. a3 Nd3+ 14. Bxd3 exd3 15. Qb3 Rh6 16. Nf3 Rb6 17. Qa2 Be4 18. Nxe4 dxe4 19. Ne5 Qd5 20. b4 Rc8 21. 0-0 Qxa2 22. Rxa2 Nf5 23. Kh2 Nxh4 24. f3 Nxf3+ 25. Nxf3 exf3 26. Rxf3 Rc2+ 0-1

[Event "Belgrade-ch"]
[Site "Belgrade"]
[Date "2012.01.30"]
[Round "9"]
[White "Jovanovic, Sasa T"]
[Black "Nikolic, Branislav S"]
[Result "1-0"]
[WhiteElo "2274"]
[BlackElo "2076"]
[PlyCount "75"]
[EventDate "2012.01.22"]
[EventType "swiss"]
[EventRounds "9"]
[EventCountry "SRB"]
[SourceTitle "CBM 146 Extra"]
[Source "ChessBase"]
[SourceDate "2012.02.29"]
[SourceVersion "1"]
[SourceVersionDate "2012.02.29"]
[SourceQuality "1"]

1. d4 d5 2. c4 c6 3. Nf3 Nf6 4. e3 Bf5 5. cxd5 cxd5 6. Nc3 Nc6 7. Qb3 Rb8 8. Ne5 a6 9. Nxc6 bxc6 10. Qa4 Qc7 11. Qxa6 e6 12. Be2 Bd6 13. h3 0-0 14. Qa4 Bh2 15. Qd1 Rfe8 16. Kf1 Bd6 17. g4 Bg6 18. h4 h6 19. g5 hxg5 20. hxg5 Ne4 21. Nxe4 dxe4 22. Bc4 c5 23. b3 Be7 24. Qg4 Bd6 25. Qh4 Kf8 26. Qh8+ Ke7 27. Qxg7 Kd7 28. Bb2 Rg8 29. Qf6 Be7 30. Qf4 Bd6 31. Qh4 Ke7 32. dxc5 Be5 33. Bxe5 Qxe5 34. Qf4 Qxc5 35. Qf6+ Ke8 36. Rd1 Qc7 37. Kg2 Qe7 38. Rh8 1-0

[Event "Belgrade-ch"]
[Site "Belgrade"]
[Date "2012.01.28"]
[Round "7"]
[White "Pucarevic, Milenko"]
[Black "Nikolic, Branislav S"]
[Result "1-0"]
[WhiteElo "2237"]
[BlackElo "2076"]
[PlyCount "99"]
[EventDate "2012.01.22"]
[EventType "swiss"]
[EventRounds "9"]
[EventCountry "SRB"]
[SourceTitle "CBM 146 Extra"]
[Source "ChessBase"]
[SourceDate "2012.02.29"]
[SourceVersion "1"]
[SourceVersionDate "2012.02.29"]
[SourceQuality "1"]

1. Nf3 d5 2. g3 Nf6 3. Bg2 c5 4. 0-0 Nc6 5. d3 e5 6. c3 Bf5 7. a3 a5 8. a4 Qd7 9. Na3 Be7 10. Nd2 Bh3 11. e4 h5 12. f3 0-0-0 13. Qe2 g5 14. exd5 Nxd5 15. Nac4 f6 16. Ne4 Kb8 17. Rd1 Bxg2 18. Qxg2 g4 19. fxg4 hxg4 20. Qf2 b6 21. Rf1 Rh5 22. b4 f5 23. b5 fxe4 24. bxc6 Qxc6 25. dxe4 Nxc3 26. Qb2 Nxe4 27. Nxe5 Qe6 28. Bf4 Ka7 29. Rad1 Rd4 30. Rxd4 cxd4 31. Qb5 Kb7 32. Qe8 Nf6 33. Qb5 Bc5 34. Nd3 Qc6 35. Qb3 Nd5 36. Bd2 Rh7 37. Bxa5 Re7 38. Bd2 Ne3 39. Rf2 Ka6 40. Qg8 Qe4 41. Nxc5+ bxc5 42. Qc8+ Ka7 43. Qxc5+ Kb7 44. Qb4+ Ka7 45. Qa5+ Kb7 46. Qb5+ Ka7 47. a5 Nd5 48. Rf8 Qe5 49. Qc5+ Kb7 50. Qc8+ 1-0

[Event "Belgrade Trophy 25th"]
[Site "Obrenovac"]
[Date "2011.12.01"]
[Round "8"]
[White "Nikolic, Branislav S"]
[Black "Perovic, Zivojin"]
[Result "1-0"]
[WhiteElo "2075"]
[BlackElo "1686"]
[PlyCount "55"]
[EventDate "2011.11.24"]
[EventType "swiss"]
[EventRounds "9"]
[EventCountry "YUG"]
[SourceTitle "CBM 145 Extra"]
[Source "ChessBase"]
[SourceDate "2012.01.03"]
[SourceVersion "1"]
[SourceVersionDate "2012.01.03"]
[SourceQuality "1"]

1. e4 d6 2. d4 Nf6 3. Nc3 g6 4. Nf3 Bg7 5. Bc4 c6 6. a4 a5 7. 0-0 0-0 8. h3 Na6 9. Qe2 d5 10. Bb3 dxe4 11. Nxe4 Nd5 12. Ne5 Be6 13. Ng5 Nac7 14. Re1 h6 15. Nxe6 Nxe6 16. c3 Nec7 17. f4 e6 18. Bc2 Qh4 19. Rf1 Kh7 20. Bd2 Qd8 21. Rac1 Ne7 22. h4 Nf5 23. h5 Qh4 24. hxg6+ fxg6 25. Rf3 Bxe5 26. Qxe5 Rf7 27. Rh3 Qf6 28. g4 1-0

[Event "Belgrade-chT Quality"]
[Site "Belgrade"]
[Date "2011.11.04"]
[Round "11"]
[White "Stojkovic, Borivoje"]
[Black "Nikolic, Branislav S"]
[Result "1/2-1/2"]
[WhiteElo "2013"]
[BlackElo "2075"]
[PlyCount "22"]
[EventDate "2011.10.15"]
[EventType "team-swiss"]
[EventRounds "11"]
[EventCountry "SRB"]
[SourceTitle "EXT 2012"]
[Source "ChessBase"]
[SourceDate "2011.11.24"]
[SourceVersion "1"]
[SourceVersionDate "2011.11.24"]
[SourceQuality "1"]

1. e4 c6 2. d4 d5 3. exd5 cxd5 4. Bd3 Nc6 5. c3 Nf6 6. Ne2 e6 7. Ng3 Bd6 8. 0-0 0-0 9. Bg5 h6 10. Bc1 Re8 11. f4 Bd7 1/2-1/2

[Event "Belgrade-chT Quality"]
[Site "Belgrade"]
[Date "2011.10.30"]
[Round "6"]
[White "Nikolic, Branislav S"]
[Black "Krstic, Relja"]
[Result "1-0"]
[WhiteElo "2075"]
[BlackElo "2209"]
[PlyCount "115"]
[EventDate "2011.10.15"]
[EventType "team-swiss"]
[EventRounds "11"]
[EventCountry "SRB"]
[SourceTitle "EXT 2012"]
[Source "ChessBase"]
[SourceDate "2011.11.24"]
[SourceVersion "1"]
[SourceVersionDate "2011.11.24"]
[SourceQuality "1"]

1. d4 f5 2. g3 Nf6 3. Bg2 g6 4. c4 Bg7 5. Nc3 0-0 6. Nf3 d6 7. 0-0 c6 8. d5 Qc7 9. Nd4 Bd7 10. Re1 Na6 11. e4 fxe4 12. Nxe4 Nxe4 13. Rxe4 Rae8 14. Bg5 h6 15. Be3 Nc5 16. Rg4 g5 17. b4 e5 18. dxe6 Nxe6 19. Re4 Nd8 20. Rc1 Nf7 21. Qh5 Qc8 22. h4 g4 23. Rf4 Re5 24. Qg6 Nh8 25. Qd3 Qe8 26. Be4 Rxf4 27. Bh7+ Kf8 28. gxf4 Rh5 29. Nf5 Bxf5 30. Bxf5 Qe7 31. Bxg4 Rxh4 32. Qf5+ Nf7 33. Rd1 Bf6 34. Qc8+ Kg7 35. Qf5 Bc3 36. Bh5 Qf6 37. Qxf6+ Kxf6 38. Bxf7 Kxf7 39. Rxd6 Bxb4 40. Rd7+ Ke6 41. Rxb7 a5 42. Rg7 Rh5 43. Rg6+ Kd7 44. Kg2 Bf8 45. Rg8 Rf5 46. Kf3 Ke6 47. Ke4 Rf7 48. Bd4 Kd7 49. f5 Re7+ 50. Be5 Rf7 51. f4 Ke7 52. f6+ Ke6 53. a4 Bb4 54. Rc8 Rd7 55. Rxc6+ Kf7 56. Kf5 Be1 57. Rc8 Bb4 58. c5 1-0

[Event "Belgrade-chT Quality"]
[Site "Belgrade"]
[Date "2011.10.29"]
[Round "5"]
[White "Starcevic, Goran"]
[Black "Nikolic, Branislav S"]
[Result "0-1"]
[WhiteElo "2148"]
[BlackElo "2075"]
[PlyCount "81"]
[EventDate "2011.10.15"]
[EventType "team-swiss"]
[EventRounds "11"]
[EventCountry "SRB"]
[SourceTitle "EXT 2012"]
[Source "ChessBase"]
[SourceDate "2011.11.24"]
[SourceVersion "1"]
[SourceVersionDate "2011.11.24"]
[SourceQuality "1"]

1. d4 d5 2. Nf3 Nf6 3. e3 Bf5 4. c4 c6 5. Nc3 e6 6. Nh4 Bg4 7. Qb3 Qc7 8. h3 Bh5 9. g4 Bg6 10. Nxg6 hxg6 11. Bg2 Nbd7 12. Bd2 dxc4 13. Qxc4 Bd6 14. g5 Nb6 15. Qb3 Nfd5 16. Ne4 Be7 17. h4 0-0-0 18. a4 e5 19. a5 Nd7 20. Ng3 exd4 21. Bxd5 cxd5 22. Rc1 Nc5 23. Qa3 dxe3 24. Bxe3 d4 25. Bd2 Kb8 26. b4 Qe5+ 27. Kd1 Ne6 28. Qf3 Rhf8 29. Qd3 Rc8 30. Rxc8+ Rxc8 31. Qf3 Qc7 32. Qxf7 Qc2+ 33. Ke1 d3 34. f3 Bd6 35. Ne4 Qb1+ 36. Kf2 Qxh1 37. Qxe6 Qh2+ 38. Kf1 Qe2+ 39. Kg1 Bh2+ 40. Kh1 Bc7 41. Qxc8+ 0-1

[Event "Belgrade-chT Quality"]
[Site "Belgrade"]
[Date "2011.10.22"]
[Round "3"]
[White "Nikolic, Branislav S"]
[Black "Josipovic, Dragan"]
[Result "1-0"]
[WhiteElo "2075"]
[BlackElo "2127"]
[PlyCount "99"]
[EventDate "2011.10.15"]
[EventType "team-swiss"]
[EventRounds "11"]
[EventCountry "SRB"]
[SourceTitle "EXT 2012"]
[Source "ChessBase"]
[SourceDate "2011.11.24"]
[SourceVersion "1"]
[SourceVersionDate "2011.11.24"]
[SourceQuality "1"]

1. d4 d5 2. c4 e6 3. Nf3 Nf6 4. g3 Bb4+ 5. Bd2 a5 6. a3 Be7 7. Bg2 0-0 8. 0-0 c6 9. c5 b6 10. cxb6 Qxb6 11. Nc3 Nbd7 12. Na4 Qb5 13. Rc1 Ba6 14. Re1 c5 15. dxc5 Nxc5 16. Nxc5 Bxc5 17. b4 axb4 18. axb4 Bb6 19. e3 Bb7 20. Nd4 Bxd4 21. exd4 Ne4 22. Bxe4 dxe4 23. Rc5 Qd3 24. Be3 Qxd1 25. Rxd1 Bd5 26. b5 f5 27. Bf4 h6 28. b6 g5 29. Be5 e3 30. fxe3 Be4 31. Rc7 Rf7 32. Rdc1 Rxc7 33. bxc7 Rc8 34. h4 Kf7 35. Kf2 Bb7 36. Rb1 Bc6 37. Rb8 Bd7 38. h5 Ke7 39. Ke1 Re8 40. Rxe8+ Kxe8 41. Bg7 Kf7 42. Bxh6 Kf6 43. Bf8 Kf7 44. Bh6 Kf6 45. Kd2 Bc8 46. Kc3 Bb7 47. Kb4 f4 48. exf4 Ke7 49. Bxg5+ Kd7 50. Bd8 1-0

[Event "Belgrade Trophy 21st"]
[Site "Obrenovac"]
[Date "2008.12.02"]
[Round "6"]
[White "Miladinovic, Lena"]
[Black "Nikolic, Branislav S"]
[Result "1-0"]
[WhiteElo "1886"]
[BlackElo "2148"]
[PlyCount "73"]
[EventDate "2008.11.27"]
[EventType "swiss"]
[EventRounds "9"]
[EventCountry "YUG"]
[SourceTitle "CBM 127 Extra"]
[Source "ChessBase"]
[SourceDate "2009.01.08"]
[SourceVersion "2"]
[SourceVersionDate "2009.01.28"]
[SourceQuality "1"]

1. e4 e5 2. Nf3 Nf6 3. Nxe5 d6 4. Nf3 Nxe4 5. Nc3 Nxc3 6. dxc3 Be7 7. Be3 Nc6 8. Qd2 Be6 9. Be2 Ne5 10. Ng5 Bf5 11. f4 Bxg5 12. fxg5 Qd7 13. 0-0-0 Qa4 14. Kb1 Be6 15. b3 Qa3 16. Qd4 0-0 17. Bc1 Qa5 18. Qb4 Qxb4 19. cxb4 a5 20. bxa5 Rxa5 21. a4 Rb8 22. Bd2 Ra7 23. Bc3 Nd7 24. Rhe1 Nc5 25. Bd4 b6 26. Kb2 Bd7 27. Bxc5 bxc5 28. Kc3 Be6 29. Bf3 Kf8 30. Bd5 Ke7 31. Re4 Kd7 32. Bxe6+ fxe6 33. Rh4 Rh8 34. Rf1 Ke7 35. g6 d5 36. Rf7+ Kd6 37. Rxg7 1-0

[Event "Belgrade Trophy 21st"]
[Site "Obrenovac"]
[Date "2008.11.29"]
[Round "3"]
[White "Nikolic, Branislav S"]
[Black "Bulatovic, Ilija"]
[Result "1-0"]
[WhiteElo "2148"]
[BlackElo "1903"]
[PlyCount "50"]
[EventDate "2008.11.27"]
[EventType "swiss"]
[EventRounds "9"]
[EventCountry "YUG"]
[SourceTitle "CBM 127 Extra"]
[Source "ChessBase"]
[SourceDate "2009.01.08"]
[SourceVersion "2"]
[SourceVersionDate "2009.01.28"]
[SourceQuality "1"]

1. d4 Nf6 2. Nf3 c5 3. d5 b5 4. c4 g6 5. Qc2 d6 6. e4 Bg7 7. cxb5 a6 8. bxa6 0-0 9. Nc3 Qa5 10. a7 Rxa7 11. Bd2 Qb6 12. Nb5 Ra8 13. a4 Ba6 14. Ra3 e6 15. dxe6 fxe6 16. Bd3 d5 17. e5 Ng4 18. Bxg6 Bxb5 19. Bxh7+ Kh8 20. axb5 Rxa3 21. bxa3 Qxb5 22. Qg6 Qb2 23. 0-0 Nxe5 24. Nxe5 Qxe5 25. Qd3 c4 1-0

[Event "Belgrade-chT"]
[Site "Belgrade"]
[Date "2008.10.07"]
[Round "3"]
[White "Nikolic, Branislav S"]
[Black "Stamenkovic, Aleksandar"]
[Result "0-1"]
[WhiteElo "2148"]
[BlackElo "2283"]
[PlyCount "54"]
[EventDate "2008.10.05"]
[EventType "team-tourn"]
[EventRounds "9"]
[EventCountry "YUG"]
[SourceTitle "CBM 126 Extra"]
[Source "ChessBase"]
[SourceDate "2008.11.05"]
[SourceVersion "1"]
[SourceVersionDate "2008.11.05"]
[SourceQuality "1"]

1. Nf3 d5 2. d4 Nf6 3. c4 c6 4. g3 Bf5 5. Nc3 e6 6. Bg2 Be7 7. 0-0 0-0 8. Qb3 Qb6 9. c5 Qxb3 10. axb3 Na6 11. Bf4 h6 12. Ne5 Nh5 13. Nxc6 bxc6 14. Rxa6 Nxf4 15. gxf4 Rfb8 16. Na4 Bf6 17. Ra1 Rxb3 18. e3 Bd3 19. Rxc6 Bb5 20. Rd6 Be7 21. Bxd5 exd5 22. Rxd5 Bc6 23. Re5 Bf6 24. Rh5 Rd8 25. Nc3 Rxb2 26. d5 Bxc3 27. dxc6 a5 0-1

[Event "Belgrade Trophy 20th"]
[Site "Belgrade"]
[Date "2007.11.23"]
[Round "2"]
[White "Ristic, Nebojsa M"]
[Black "Nikolic, Branislav S"]
[Result "1/2-1/2"]
[WhiteElo "2301"]
[BlackElo "2135"]
[PlyCount "80"]
[EventDate "2007.11.22"]
[EventType "swiss"]
[EventRounds "9"]
[EventCountry "YUG"]
[SourceTitle "CBM 121 Extra"]
[Source "ChessBase"]
[SourceDate "2008.01.10"]
[SourceVersion "1"]
[SourceVersionDate "2008.01.10"]
[SourceQuality "1"]

1. d4 d5 2. c4 c6 3. Nf3 Nf6 4. Nc3 e6 5. Bg5 h6 6. Bxf6 Qxf6 7. e3 Nd7 8. Bd3 g6 9. 0-0 Bg7 10. e4 dxc4 11. Bxc4 0-0 12. e5 Qe7 13. Qe2 b5 14. Bd3 b4 15. Ne4 c5 16. Nxc5 Nxc5 17. dxc5 Qxc5 18. Rfc1 Qb6 19. h4 Bb7 20. h5 g5 21. Nh2 Rfd8 22. Ng4 Rd4 23. Rd1 Rad8 24. Rac1 Qa5 25. f3 Qxa2 26. Kh2 Qa5 27. Bc2 Qb6 28. Rxd4 Rxd4 29. Rd1 Ba6 30. Qe1 Qd8 31. Qe4 Rxd1 32. Bxd1 Qxd1 33. Qa8+ Kh7 34. Qe4+ Kg8 35. Qa8+ Bf8 36. Nxh6+ Kg7 37. Ng4 Qe1 38. h6+ Kh7 39. Qxf8 Qh4+ 40. Kg1 Qe1+ 1/2-1/2

[Event "Belgrade Zimski op"]
[Site "Belgrade"]
[Date "2005.01.25"]
[Round "3"]
[White "Brakus, Dragan"]
[Black "Nikolic, Branislav S"]
[Result "1-0"]
[WhiteElo "2059"]
[BlackElo "2156"]
[PlyCount "151"]
[EventDate "2005.01.22"]
[EventType "swiss"]
[EventRounds "9"]
[EventCountry "YUG"]
[SourceTitle "CBM 104 Extra"]
[Source "ChessBase"]
[SourceDate "2005.03.01"]
[SourceVersion "1"]
[SourceVersionDate "2005.03.01"]
[SourceQuality "1"]

1. e4 e5 2. Nf3 Nc6 3. Bc4 Bc5 4. c3 Nf6 5. d4 exd4 6. cxd4 Bb4+ 7. Nc3 Nxe4 8. 0-0 Bxc3 9. d5 Bf6 10. Re1 Ne7 11. Rxe4 d6 12. Bg5 Bf5 13. Bxf6 Bxe4 14. Ng5 gxf6 15. Nxe4 Ng8 16. Qb3 Qc8 17. Re1 Kf8 18. Qf3 Qd8 19. Ng3 f5 20. Qxf5 Qf6 21. Qd7 Qxb2 22. Qxc7 Qb6 23. Qxb6 axb6 24. Nf5 Rd8 25. g4 Nf6 26. f3 Rg8 27. Kf2 h5 28. h3 hxg4 29. hxg4 Rh8 30. Kg3 b5 31. Bb3 Rh7 32. Re7 Nd7 33. Bc2 Rh1 34. Bd3 b4 35. Bb5 Nc5 36. Re2 Rg1+ 37. Kf4 Rh1 38. Rb2 f6 39. Rxb4 Rd1 40. Bc4 Rxd5 41. Rb1 Ne6+ 42. Kg3 Rxf5 43. gxf5 Nc5 44. Bd5 Rd7 45. Rh1 Rg7+ 46. Kf4 Ke7 47. Rb1 Kd8 48. Rh1 Re7 49. Rh6 Re5 50. Be4 d5 51. Bc2 Ke7 52. Rh7+ Kf8 53. Rc7 d4 54. Be4 Nxe4 55. fxe4 Rb5 56. Rd7 Rb4 57. a3 Ra4 58. Rxb7 Rxa3 59. Rb4 d3 60. Ke3 Ke7 61. Rb6 Rc3 62. Re6+ Kf7 63. Rd6 d2+ 64. Kxd2 Rh3 65. Rd7+ Ke8 66. Rd3 Rh2+ 67. Kc3 Ke7 68. Kd4 Ra2 69. Rb3 Ra6 70. Rb7+ Kf8 71. Ke3 Rc6 72. Kf4 Ra6 73. Kg4 Ra4 74. Rb5 Rxe4+ 75. Kh5 Ra4 76. Kg6 1-0

[Event "Belgrade Trophy 18th"]
[Site "Obrenovac"]
[Date "2005.??.??"]
[Round "5"]
[White "Mihic, Bojan"]
[Black "Nikolic, Branislav S"]
[Result "1-0"]
[WhiteElo "2324"]
[BlackElo "2131"]
[PlyCount "59"]
[EventDate "2005.11.22"]
[EventType "swiss"]
[EventRounds "9"]
[EventCountry "YUG"]
[SourceTitle "CBM 109 Extra"]
[Source "ChessBase"]
[SourceDate "2006.01.03"]
[SourceVersion "2"]
[SourceVersionDate "2006.01.03"]
[SourceQuality "1"]

1. c4 e5 2. Nc3 Nc6 3. g3 Nf6 4. Bg2 Bb4 5. Nd5 Bc5 6. d3 h6 7. e3 0-0 8. Ne2 d6 9. 0-0 Bg4 10. h3 Bh5 11. g4 Bg6 12. d4 Bb6 13. f4 exf4 14. exf4 Re8 15. f5 Bh7 16. Kh1 Nxd5 17. cxd5 Nb8 18. a4 a5 19. Ra3 Nd7 20. Rg3 Qh4 21. g5 Bxf5 22. Rf4 Qh5 23. Bf3 Qg6 24. gxh6 Qf6 25. Bg4 Be4+ 26. Kh2 Qd8 27. Bxd7 Qxd7 28. Rxg7+ Kh8 29. Rfxf7 Qc8 30. Ng3 1-0

[Event "Belgrade Trophy 17th"]
[Site "Obrenovac"]
[Date "2004.11.29"]
[Round "8"]
[White "Nikolic, Branislav S"]
[Black "Ruzicic, Sinisa"]
[Result "1-0"]
[WhiteElo "2165"]
[BlackElo "2039"]
[PlyCount "75"]
[EventDate "2004.11.22"]
[EventType "swiss"]
[EventRounds "9"]
[EventCountry "YUG"]
[SourceTitle "CBM 103 Extra"]
[Source "ChessBase"]
[SourceDate "2005.01.01"]
[SourceVersion "1"]
[SourceVersionDate "2005.01.01"]
[SourceQuality "1"]

1. d4 Nf6 2. c4 e6 3. Nf3 c5 4. d5 exd5 5. cxd5 d6 6. Nc3 g6 7. e4 Bg7 8. Be2 0-0 9. 0-0 Re8 10. Nd2 a6 11. a4 Qc7 12. Qc2 Ng4 13. h3 Nh6 14. Nc4 f6 15. Bf4 Nf7 16. a5 Nd7 17. Na4 Rb8 18. Nab6 Nxb6 19. Nxb6 Qe7 20. Bd3 Ne5 21. Rfe1 Bd7 22. Rab1 Bb5 23. Bf1 Nd7 24. Nc4 Bxc4 25. Bxc4 Ne5 26. b3 b5 27. axb6 Rxb6 28. Ra1 Ra8 29. Ra5 Qb7 30. Bxe5 fxe5 31. Rea1 Bh6 32. Qe2 Qb8 33. Qg4 Qc8 34. Rxa6 Rbxa6 35. Rxa6 Qb7 36. Qe6+ Kh8 37. Rxd6 Rf8 38. Rd7 1-0

[Event "Belgrade Trophy 17th"]
[Site "Obrenovac"]
[Date "2004.11.27"]
[Round "6"]
[White "Nikolic, Branislav S"]
[Black "Marinkov, Svetislav"]
[Result "1-0"]
[WhiteElo "2165"]
[BlackElo "2044"]
[PlyCount "125"]
[EventDate "2004.11.22"]
[EventType "swiss"]
[EventRounds "9"]
[EventCountry "YUG"]
[SourceTitle "CBM 103 Extra"]
[Source "ChessBase"]
[SourceDate "2005.01.01"]
[SourceVersion "1"]
[SourceVersionDate "2005.01.01"]
[SourceQuality "1"]

1. d4 Nf6 2. c4 e6 3. Nf3 b6 4. g3 Ba6 5. b3 Bb4+ 6. Bd2 Be7 7. Bg2 Bb7 8. 0-0 0-0 9. Bc3 d5 10. Ne5 Ne4 11. Bb2 f6 12. Nd3 dxc4 13. bxc4 Nd6 14. c5 Bxg2 15. cxd6 Bxf1 16. dxe7 Qxe7 17. Kxf1 Rd8 18. Qb3 Kh8 19. Nd2 Nc6 20. Nf3 Re8 21. Qc3 Nd8 22. a4 c6 23. a5 Qb7 24. Qa3 Nf7 25. Rc1 Rac8 26. Kg1 Qb8 27. Qa2 Qd6 28. axb6 axb6 29. Qa6 Qd8 30. Qa4 Qc7 31. Qb3 Nd8 32. Qa4 Qb7 33. h4 Ra8 34. Qb4 Qc7 35. Qb3 Rb8 36. Qa2 Qb7 37. h5 Ra8 38. Qb3 Ra5 39. h6 Rb5 40. Qc3 Qe7 41. hxg7+ Kxg7 42. Kg2 h6 43. Rh1 Rh8 44. Nh4 Qd7 45. Nf4 Qf7 46. Nhg6 Re8 47. Qd2 Rg5 48. Nh4 Rh8 49. Qc3 Rf8 50. Nf3 Rb5 51. Rh4 Rg8 52. Ba3 Qe8 53. Bb2 Qf7 54. Bc1 Rh8 55. Nd3 Qd7 56. Nf4 Qf7 57. Rg4+ Kh7 58. Qc2+ f5 59. Rh4 Kg8 60. Ne5 Qg7 61. Qc4 Rxe5 62. dxe5 Qxe5 63. Ng6 1-0

[Event "Belgrade Trophy 17th"]
[Site "Obrenovac"]
[Date "2004.11.26"]
[Round "5"]
[White "Mihic, Bojan"]
[Black "Nikolic, Branislav S"]
[Result "1-0"]
[WhiteElo "2349"]
[BlackElo "2165"]
[PlyCount "75"]
[EventDate "2004.11.22"]
[EventType "swiss"]
[EventRounds "9"]
[EventCountry "YUG"]
[SourceTitle "CBM 103 Extra"]
[Source "ChessBase"]
[SourceDate "2005.01.01"]
[SourceVersion "1"]
[SourceVersionDate "2005.01.01"]
[SourceQuality "1"]

1. Nf3 d5 2. g3 Nf6 3. Bg2 c6 4. 0-0 Bf5 5. d3 h6 6. Nbd2 Nbd7 7. Qe1 e6 8. b3 Bb4 9. Bb2 0-0 10. a3 Ba5 11. b4 Bc7 12. c4 Bh7 13. e4 Qb8 14. Qe2 e5 15. Nh4 Re8 16. a4 a5 17. b5 Bd6 18. cxd5 cxd5 19. exd5 Nb6 20. Nc4 Nbxd5 21. Qf3 e4 22. dxe4 Bxe4 23. Qb3 Bc5 24. Rac1 b6 25. Bxe4 Rxe4 26. Qf3 Qe8 27. Nf5 Qe6 28. Bxf6 Nxf6 29. Nd2 Re8 30. Nxe4 Nxe4 31. Rcd1 Qa2 32. Qg4 Bxf2+ 33. Kh1 Ng5 34. h4 Re4 35. Ne7+ Rxe7 36. hxg5 Be3 37. g6 fxg6 38. Qxg6 1-0

[Event "Belgrade Trophy 17th"]
[Site "Obrenovac"]
[Date "2004.11.24"]
[Round "3"]
[White "Kezele, Tamara"]
[Black "Nikolic, Branislav S"]
[Result "0-1"]
[WhiteElo "1940"]
[BlackElo "2165"]
[PlyCount "96"]
[EventDate "2004.11.22"]
[EventType "swiss"]
[EventRounds "9"]
[EventCountry "YUG"]
[SourceTitle "CBM 103 Extra"]
[Source "ChessBase"]
[SourceDate "2005.01.01"]
[SourceVersion "1"]
[SourceVersionDate "2005.01.01"]
[SourceQuality "1"]

1. e4 e5 2. Nf3 Nf6 3. Nxe5 d6 4. Nf3 Nxe4 5. d3 Nf6 6. Nc3 d5 7. d4 Bg4 8. Be2 Bb4 9. 0-0 h6 10. Ne5 Bf5 11. Bd3 Qc8 12. Qf3 Bxd3 13. Qxd3 c6 14. Qg3 Kf8 15. Re1 Qf5 16. a3 Ba5 17. Re2 g5 18. f3 Bb6 19. Be3 Nh5 20. Qg4 Ng7 21. Na4 Bc7 22. Bf2 h5 23. Qxf5 Nxf5 24. Rae1 Kg7 25. Nc5 b6 26. Ncd7 Nxd7 27. Nxd7 Bd6 28. Ne5 c5 29. dxc5 bxc5 30. Rd2 f6 31. Nc6 d4 32. g3 a5 33. b4 axb4 34. axb4 Rhc8 35. bxc5 Bxc5 36. Nxd4 Nxd4 37. Bxd4 Bxd4+ 38. Rxd4 Rxc2 39. h4 Kg6 40. hxg5 Kxg5 41. Rd5+ Kg6 42. Rd3 Raa2 43. f4 Kf5 44. Kh1 Kg4 45. Rb1 Rh2+ 46. Kg1 Rag2+ 47. Kf1 Rxg3 48. Rxg3+ Kxg3 0-1